000 00380nam a2200157Ia 4500
008 240729s9999 xx 000 0 und d
022 _a1553-1732
245 0 _aIntegers
260 _aUnited States
260 _bIntegers
650 _a Mathematics
650 _aScience
856 _uhttps://doaj.org/toc/0f53182de741423eb409a5415f29f08e
942 _2ddc
942 _cDOAJEJ
999 _c72243
_d72243
945 _a1
_bMadushi Gamage
_c1
_dMadushi Gamage